Statistics for Hyundai A-League Teams

Click here to take the quiz!

General Stats

  • This quiz has been taken 51 times
  • The average score is 10 of 13

Answer Stats

Answer% Correct
Brisbane Roar
94%
Newcastle Jets
91%
Melbourne City
89%
Melbourne Victory
89%
Sydney FC
89%
Adelaide United
83%
Perth Glory
83%
Western Sydney Wanderers
83%
Central Coast Mariners
80%
Wellington Phoenix
66%
Gold Coast United
46%
North Queensland Fury
40%
New Zealand Knights
37%

Score Distribution

Percentile by Number Answered

Percent of People with Each Score

Your Score History

You have not taken this quiz